000 02255cam a22004454i 4500
003 PE-LiUPU
005 20250731165430.0
008 160217s1995 pe grm 000 0 spa d
035 _a(Sirsi) a156197
040 _aPE-LiUPU
_bspa
_cPE-LiUPU
_erda
099 _aTE 2
_bM62 1995
100 1 _aMinaya Pampa, Moisés Timoteo
_eautor
245 1 3 _aEl razonamiento matemático en el aprendizaje de la matemática /
_Moisés Timoteo Minaya Pampa.
264 0 _c1995.
300 _a145 hojas
_c30 cm
336 _atext
_2rdacontent
337 _aunmediated
_2rdamedia
338 _avolume
_2rdacarrier
502 _aTesis
_b(Lic.) --
_cUniversidad Peruana Unión,
_d1995.
504 _aIncluye referencias
520 3 _aLa matemática es parte del proceso histórico de la humanidad, y como tal, es componente básico de ascenso en el mundo de avance cada vez más vertiginoso de la ciencia y la tecnología. Nadie puede negar muchas ciencias han prosperado, gracias al apoyo de la matemática; es asi que la geometría surgió de los problemas de medición de las tierras en el antiguo Egipto, la mecánica se sustento en la matemática para resolver los problemas arquitectónicos y militares, la física y matemática; por todo esto, podemos decir que las ciencias sociales también han encontrado sustento gracias a la ayuda de la matemática. En el sistema educativo peruano, la signatura de matemática es básica y aun cuando su desarrollo se ve aquejado de limitaciones, como la escasez de textos por parte del alumno y la heterogeneidad de metodologías por parte del docente, hay un síndrome en los alumnos que se traduce en temor y aversión por su alto contenido de abstracción.
526 _aSEG44
526 _aSEG26
526 _aP151
526 _aP150
526 _aP149
526 _aP146
526 _aP145
526 _aP126
526 _aP125
526 _aP92
526 _aP75
526 _aP74
526 _aP27
526 _aP15
650 0 4 _aRAZONAMIENTO MATEMáTICO. ESTUDIO Y ENSEñANZA
596 _a1
942 _2ddc
_cTESIS
999 _aTE 2 M62 1995
_wALPHANUM
_c8878
_iT00170
_lCCODEBUL3
_mBUL
_r1
_sY
_tTESIS
_u2016-2-17
_xEDUCACION
_PP15
_o.STAFF. Tesis
_d8878
980 _81
_gALBERTO SANCHEZ Responsable de Automatización